VIKRAM AND VETAL (Record no. 5836)
[ view plain ]
| 000 -LEADER | |
|---|---|
| fixed length control field | 00606nam a22001457a 4500 |
| 020 ## - INTERNATIONAL STANDARD BOOK NUMBER | |
| ISBN | 812740164-1 |
| 082 ## - DEWEY DECIMAL CLASSIFICATION NUMBER | |
| Classification number | 823 |
| Item number | EER/V |
| 100 ## - MAIN ENTRY--AUTHOR NAME | |
| Personal name | EERA, ASOKAN |
| 245 ## - TITLE STATEMENT | |
| Title | VIKRAM AND VETAL |
| 260 ## - PUBLICATION, DISTRIBUTION, ETC. (IMPRINT) | |
| Place of publication | KOTTAYAM |
| Name of publisher | AVANTY PUBLICATIONS |
| Year of publication | 2014 |
| 300 ## - PHYSICAL DESCRIPTION | |
| Number of Pages | 112 |
| 520 ## - SUMMARY, ETC. | |
| Summary, etc | The Premise. The legendary King Vikramāditya makes a promise to a tantric, to capture a corpse and bring it to him for his rituals. Unknown to King Vikram, the corpse has been inhabited by a Vetala, a mischievous spirit. Every time Vikram captures the Vetala, it tells him a story that ends with a riddle. |
| 650 ## - SUBJECT ADDED ENTRY--TOPICAL TERM | |
| Topical Term | NOVEL |
| 942 ## - ADDED ENTRY ELEMENTS (KOHA) | |
| Koha item type | Books |
| Withdrawn status | Lost status | Collection code | Home library | Current library | Shelving location | Date acquired | Source of acquisition | Cost, normal purchase price | Full call number | Accession Number | Koha item type |
|---|---|---|---|---|---|---|---|---|---|---|---|
| Fiction | Main Library | Main Library | SHELF 15-I-CHILDREN'S STORYBOOKS | 23/06/2016 | CONTRIBUTION | 50.00 | 823 EER/V | 04311 | Books |